000 00342nam a2200121Ia 4500
008 210430s9999 xx 000 0 und d
082 _a621.4022 I 36 F
100 _aIncropera DeWitt
_954372
245 _aFundamentals of Heat and Mass Transfer 6th
_cIncropera DeWitt
260 _aIndia
_bWiley
_c2011
300 _a925 p
942 _cBK
_2ddc
999 _c564939
_d564939